Star Alliance Members - Statistics

General Stats
  • This quiz has been taken 13 times
  • The average score is 16 of 25
Answer Stats
Hint Answer % Correct
Canada Air Canada
100%
China Air China
90%
New Zealand Air New Zealand
90%
Japan ANA
90%
Switzerland SWISS
90%
Turkey Turkish Airlines
90%
USA United
90%
Germany Lufthansa
80%
Singapore Singapore Airlines
80%
India Air India
70%
Austria Austrian Airlines
70%
Egypt Egypt Air
70%
Ethiopian Ethiopian Airlines
70%
Thailand THAI
70%
Panama Copa Airlines
60%
Taiwan EVA Air
60%
Greece Aegean Airlines
50%
Colombia Avianca
50%
Belgium Brussels Airlines
50%
Poland LOT
50%
South Africa South African Airways
50%
Croatia Croatia Airlines
40%
South Korea Asiana Airlines
30%
Portugal Air Portugal
20%
China Shenzhen Airlines
20%
No matching quizzes found
Score Distribution
Percent of People with Each Score
Percentile by Number Answered
Your Score History
You have not taken this quiz